000
00268nam a2200121Ia 4500
008
170620s9999 xx 000 0 und d
100
_a
FINAR - I L
245
0
_a
ORGANIC CHEMISTRY 6TH
260
_b
PEARSON
260
_c
2006
300
_a
965
546
_a
English
690
_a
ORGANIC CHEMISTRY
999
_c
30892
_d
30892